Maqalat-E-sir Syed (Record no. 8817)

MARC details
000 -LEADER
fixed length control field 00934nam a2200265 a 4500
020 ## - INTERNATIONAL STANDARD BOOK NUMBER
ISBN
082 00 - DEWEY DECIMAL CLASSIFICATION NUMBER
Classification number 891.439
Author Cutter KHA
100 ## - MAIN ENTRY--AUTHOR NAME
Author name Khan, Syed Ahmed
245 ## - TITLE STATEMENT
Title Maqalat-E-sir Syed
260 ## - PUBLICATION, DISTRIBUTION, ETC. (IMPRINT)
Place of publication Lahore
Name of publisher Majlis-I-Kabir
Year of publication 1962
300 ## - PHYSICAL DESCRIPTION
Number of Pages 536p
500 ## - GENERAL NOTE
General note includes index and biblioraphy
505 2# - FORMATTED CONTENTS NOTE
Formatted contents note Index
505 2# - FORMATTED CONTENTS NOTE
Formatted contents note Index00
650 ## - SUBJECT ADDED ENTRY--TOPICAL TERM
Topical Term Urdu-Literature
650 ## - SUBJECT ADDED ENTRY--TOPICAL TERM
Topical Term Syed Ahmed Khan-Islam
942 ## - ADDED ENTRY ELEMENTS (KOHA)
Koha item type Books
700 1# -
-- Khan, Syed Ahmed
Holdings
Home library Current library Date acquired Cost, normal purchase price Full call number Accession Number Koha item type
Henry Martyn Institute Library Henry Martyn Institute Library   100.00 891.439 KHA 012096 E-Books
Henry Martyn Institute Library Henry Martyn Institute Library   100.00 891.439 KHA 012097 E-Books
Henry Martyn Institute Library Henry Martyn Institute Library   100.00 891.439 KHA 012098 E-Books
Henry Martyn Institute Library Henry Martyn Institute Library   100.00 891.439 KHA 012099 E-Books
Henry Martyn Institute Library Henry Martyn Institute Library   100.00 891.439 KHA 012100 E-Books
Henry Martyn Institute Library Henry Martyn Institute Library   100.00 891.439 KHA 012101 E-Books
Henry Martyn Institute Library Henry Martyn Institute Library   100.00 891.439 KHA 012102 E-Books
Henry Martyn Institute Library Henry Martyn Institute Library   100.00 891.439 KHA 012103 E-Books
Henry Martyn Institute Library Henry Martyn Institute Library   100.00 891.439 KHA 012104 E-Books
Henry Martyn Institute Library Henry Martyn Institute Library   100.00 891.439 KHA 012105 E-Books
Henry Martyn Institute Library Henry Martyn Institute Library   100.00 891.439 KHA 015633 E-Books
                   Copyright © 2026 | Henry Martyn Institute | Hyderabad | TS-500052 | INDIA | Implemented by hmi.edu.in
Hit-Count:

Powered by Koha